LEADER 01091nam a2200253 a 4500 001 000000143533 003 CaOOAMICUS 005 20150525112550.0 008 150525s1969 fr u000 u fre r 040 $aPUL$bita 100 1 $aGilson, Etienne,$d1884-1978.$0(OLS)http://pul/name/629 245 10$aLinguistique et philosophie :$bessai sur les constantes philosophiques du langage /$cpar Etienne Gilson. 260 $aParis :$bVrin,$c1969. 300 $a309 p. ;$c22 cm 490 1 $aEssais d'art et de philosophie 500 $aBibliografia in nota. 650 4$aLinguistica$xCritica e interpretazione.$0(OLS)http://pul/subject/26524 830 0$aEssais d'art et de philosophie.$0(OLS)http://pul/title/13172 850 $aPUL 852 $aPUL$W1$xDP1 Fondo S. Lanza$y121$m2 A 17$j16631$qFondi$B165945$CPULBib$Z2$F165945 $HLan651 $82 941 1 $a1 996 $6245$aLinguistique et philosophie :$bessai sur les constantes philosophiques du langage$9(OLS)http://pul/title/181616 996 $6260$aParis :$bVrin$9(OLS)http://pul/publisher/50780 LEADER 01653nam a2200337 u 4500 001 000000076340 003 CaOOAMICUS 005 20070226123211.0 008 031124s1982 it u000 u ita u 035 $a10977279 040 $aPUL(R)$bita 100 1 $aVinco, Roberto.$0(OLS)http://pul/name/50773 245 10$aAntonio Gramsci, la religione e il mondo cattolico /$cRoberto Vinco. 260 $aRoma :$bPontificia Università Lateranense,$c1982. 300 $a156 p. ;$c24 cm 490 1 $aTheses ad doctoratum in philosophia (Pontificia Università lateranense) 500 $aIn testa al front.: Pontificia Universitas Lateranensis. 502 $aTheisis (Doct.) -- Pontificia Universitas Lateranensis, 1982. 504 $aBibliografia: p. 150-153. 600 14$aGramsci, Antonio,$d1891-1937.$0(OLS)http://pul/subject/41 650 4$aMarxismo e Cattolicesimo.$0(OLS)http://pul/subject/5613 650 4$aMarxismo e religione.$0(OLS)http://pul/subject/8490 710 2 $aPontificia Università Lateranense.$0(OLS)http://pul/name/287 830 0$aTheses ad doctoratum in philosophia (Pontificia Università Lateranense).$0(OLS)http://pul/title/1761 850 $aPUL 852 $aPUL$W1$xDP1 Tesi Pon Univ. Lateranense$y41$mTH PUL.PHIL 38$j98084$nBK-PRI$b $qTesi$B98084$CPULBib$Z2$F98084 $H52947 $81 910 $aPontificio Ateneo Lateranense$9287 910 $aPontificio Ateneo Lateranense$9287 941 1 $a16 996 $6245$aAntonio Gramsci, la religione e il mondo cattolico$9(OLS)http://pul/title/100149 996 $6260$aRoma :$bPontificia Università Lateranense$9(OLS)http://pul/publisher/47963